| 000 | 01222cab a22002655a 4500 | ||
|---|---|---|---|
| 001 | L140857 | ||
| 008 | 071015e20071013xxk f 000 0 eng d | ||
| 035 | _a(Sirsi) u140857 | ||
| 041 | 0 | _aeng | |
| 100 | 1 | _aFirn, Keith | |
| 245 | 0 | 0 | _aKeep a sense of proportion |
| 260 | _c2007 | ||
| 490 | 0 |
_aEstates Gazette _v(0741) 13 October 2007, 192-194(3) |
|
| 520 | _aThe first article in a three part series on dilapidations examines the principles behind dilapidations claims and what surveyors should be aware of when assessing loss. With reference to relevant case law, looks at the guiding principle on loss (restitutio in integrum/restoration to original condition), the landlord's intentions, the reasonableness of the claim, and the question of proportionality. (See also L140961). | ||
| 590 | _aKA | ||
| 650 | 2 | 4 | _aJACOB AND YOUNGS V KENT |
| 650 | 2 | 4 | _aRUXLEY ELECTRONICS AND CONSTRUCTION LTD V FORSYTH |
| 650 | 2 | 4 | _aDODD PROPERTIES (KENT) LTD V CANTERBURY CITY COUNCIL |
| 650 | 2 | 4 | _aRICS DILAPIDATIONS GUIDANCE NOTE |
| 650 | 2 | 4 | _aLANDLORD AND TENANT ACT 1927 S18(1) |
| 651 | 4 |
_aEngland and Wales _y1543- |
|
| 690 | _aPROPERTY-LANDLORD AND TENANT-DILAPIDATIONS | ||
| 700 | 1 | _aStell, Patrick | |
| 942 | _n0 | ||
| 999 |
_c79369 _d79369 |
||